[Event "Vilnius Boksto op"]
[Site "Vilnius"]
[Date "2018.04.29"]
[Round "5"]
[White "Cernavina, Ksenija"]
[Black "Zirnovas, Martynas"]
[Result "1/2-1/2"]
[WhiteElo "1756"]
[BlackElo "1856"]
[PlyCount "91"]
[EventDate "2018.04.08"]
[EventType "swiss"]
[EventRounds "7"]
[EventCountry "LTU"]
[SourceTitle "CBM 184 Extra"]
[Source "ChessBase"]
[SourceDate "2018.06.28"]
[SourceVersion "1"]
[SourceVersionDate "2018.06.28"]
[SourceQuality "1"]

1. d4 Nc6 2. d5 Ne5 3. f4 Ng6 4. e4 e6 5. Nf3 Bc5 6. Nc3 Nf6 7. h3 Nh5 8. Ne2 c6 9. dxe6 fxe6 10. f5 Nh4 11. Qd3 Qb6 12. Bg5 Bf2+ 13. Kd2 Nxf3+ 14. Qxf3 Nf6 15. Bxf6 gxf6 16. Qc3 0-0 17. Rd1 d5 18. exd5 cxd5 19. Kc1 e5 20. Rxd5 Bxf5 21. Qf3 Qe3+ 22. Qxe3 Bxe3+ 23. Kb1 Rad8 24. Nc3 Bd4 25. Bc4 Kg7 26. Ne2 Bb6 27. Rhd1 Be4 28. Rd7+ Kh6 29. Ng3 Bxg2 30. Nf5+ Kg5 31. Be6 Rxd7 32. Rxd7 Rd8 33. Rg7+ Kf4 34. Rg4+ Kf3 35. Nh4+ Ke3 36. Nxg2+ Kf3 37. Kc1 h5 38. Rg6 e4 39. Nh4+ Ke2 40. Rg2+ Ke1 41. c3 Bf2 42. Nf5 Rd1+ 43. Kc2 Rd2+ 44. Kc1 Rd1+ 45. Kc2 Rd2+ 46. Kc1 1/2-1/2

[Event "LTU-chT (Women)"]
[Site "Vilnius"]
[Date "2016.04.02"]
[Round "6.3"]
[White "Cernavina, Ksenija"]
[Black "Sibajeva, Marija"]
[Result "0-1"]
[WhiteElo "1798"]
[BlackElo "1876"]
[PlyCount "74"]
[EventDate "2016.01.23"]
[EventType "team-swiss"]
[EventRounds "7"]
[EventCountry "LTU"]
[SourceTitle "EXT 2017"]
[Source "ChessBase"]
[SourceDate "2016.10.25"]
[SourceVersion "1"]
[SourceVersionDate "2016.10.25"]
[SourceQuality "1"]
[WhiteTeam "Klaipeda Jura (W)"]
[BlackTeam "Kaunas Margiris (W)"]
[WhiteTeamCountry "LTU"]
[BlackTeamCountry "LTU"]

1. c4 c5 2. g3 Nc6 3. Bg2 g6 4. Nc3 Bg7 5. d3 Nf6 6. Bf4 0-0 7. Nf3 d5 8. 0-0 dxc4 9. dxc4 Be6 10. Nd2 Qc8 11. Nd5 Bh3 12. Nc7 Bxg2 13. Kxg2 e5 14. Nxa8 exf4 15. Nb3 Qxa8 16. Nxc5 b6 17. Nd3 Nd4+ 18. f3 Nf5 19. Qd2 Ne3+ 20. Kf2 Nxf1 21. Rxf1 fxg3+ 22. hxg3 Qc8 23. Qc1 Re8 24. Rh1 Qf5 25. Nf4 g5 26. Nh5 Ng4+ 27. Kf1 Ne3+ 28. Kf2 Qc5 29. Ke1 Qxc4 30. Qd2 Qc2 31. Qd7 Ng2+ 32. Kf1 Qxe2+ 33. Kg1 Nh4 34. Rxh4 gxh4 35. Qf5 Bd4+ 36. Kh1 Qf1+ 37. Kh2 Re2# 0-1

[Event "LTU-ch (Women)"]
[Site "Vilnius"]
[Date "2016.03.08"]
[Round "4"]
[White "Cernavina, Ksenija"]
[Black "Simkunaite, Gabija"]
[Result "1-0"]
[WhiteElo "1798"]
[BlackElo "1458"]
[PlyCount "57"]
[EventDate "2016.03.06"]
[EventType "swiss"]
[EventRounds "7"]
[EventCountry "LTU"]
[SourceTitle "CBM 171 Extra"]
[Source "ChessBase"]
[SourceDate "2016.04.26"]
[SourceVersion "1"]
[SourceVersionDate "2016.04.26"]
[SourceQuality "1"]

1. d4 Nf6 2. Nf3 d5 3. c4 c6 4. Qc2 e6 5. g3 Nbd7 6. Bg2 Bd6 7. 0-0 0-0 8. Nbd2 b6 9. Re1 Bb7 10. e4 dxe4 11. Nxe4 Nxe4 12. Rxe4 Nf6 13. Rh4 g6 14. Ne5 Be7 15. Bg5 Nd7 16. Bxe7 Qxe7 17. Ng4 Nf6 18. Nh6+ Kg7 19. Qc3 g5 20. Rh3 Rac8 21. Re1 Qd8 22. Qd3 Rh8 23. Qe3 Nd7 24. Rh5 f6 25. Qxe6 Qe8 26. Nf5+ Kf8 27. Qd6+ Kg8 28. Rxe8+ Rxe8 29. Qxd7 1-0

[Event "Klaipeda-ch"]
[Site "Klaipeda"]
[Date "2016.02.21"]
[Round "7"]
[White "Cernavina, Ksenija"]
[Black "Barsciauskas, Gintautas"]
[Result "1/2-1/2"]
[WhiteElo "1798"]
[BlackElo "1716"]
[PlyCount "105"]
[EventDate "2016.01.10"]
[EventType "tourn"]
[EventRounds "11"]
[EventCountry "LTU"]
[SourceTitle "EXT 2017"]
[Source "ChessBase"]
[SourceDate "2016.10.25"]
[SourceVersion "1"]
[SourceVersionDate "2016.10.25"]
[SourceQuality "1"]

1. Nf3 Nf6 2. d4 e6 3. c4 d5 4. g3 c6 5. Qc2 Nbd7 6. Nbd2 Bd6 7. Bg2 e5 8. dxe5 Nxe5 9. Nxe5 Bxe5 10. Nf3 Bd6 11. 0-0 dxc4 12. e4 Be7 13. Rd1 Qa5 14. e5 Nd5 15. Qxc4 0-0 16. Nd4 Nc7 17. Qe2 Re8 18. Be4 Bf8 19. Bf4 Ne6 20. Nf5 Nxf4 21. gxf4 Bxf5 22. Bxf5 Rad8 23. Qe4 g6 24. Bg4 Qc5 25. Qf3 Qe7 26. Qg3 Bg7 27. Rxd8 Rxd8 28. Rd1 Rxd1+ 29. Bxd1 Qb4 30. Bb3 Qe4 31. Qg4 Bf8 32. Qh4 Qf5 33. h3 h5 34. Kg2 Qe4+ 35. Kg1 Qf5 36. Kg2 Kg7 37. Qg5 Qxg5+ 38. fxg5 Bc5 39. f4 Bd4 40. Kf3 b5 41. Ke4 Bxb2 42. f5 a5 43. a4 Bc3 44. axb5 cxb5 45. f6+ Kf8 46. Kd5 a4 47. Bc2 a3 48. Bb3 Bd2 49. h4 Be1 50. Kd6 Bg3 51. Ba2 b4 52. Bb3 Ke8 53. Ba2 1/2-1/2

[Event "LTU-chT (Women)"]
[Site "Vilnius"]
[Date "2016.02.06"]
[Round "4.3"]
[White "Cernavina, Ksenija"]
[Black "Griciute, Rosita"]
[Result "1-0"]
[WhiteElo "1798"]
[BlackElo "1689"]
[PlyCount "143"]
[EventDate "2016.01.23"]
[EventType "team-swiss"]
[EventRounds "7"]
[EventCountry "LTU"]
[SourceTitle "EXT 2017"]
[Source "ChessBase"]
[SourceDate "2016.10.25"]
[SourceVersion "1"]
[SourceVersionDate "2016.10.25"]
[SourceQuality "1"]
[WhiteTeam "Klaipeda Jura (W)"]
[BlackTeam "Plunge Bokstas (W)"]
[WhiteTeamCountry "LTU"]
[BlackTeamCountry "LTU"]

1. Nf3 Nf6 2. c4 e6 3. g3 g6 4. d4 d5 5. Bg2 Bg7 6. 0-0 0-0 7. Qc2 Nbd7 8. Bg5 Re8 9. Ne5 h6 10. Bf4 Nxe5 11. Bxe5 c6 12. Nd2 b6 13. Rac1 Bb7 14. c5 b5 15. a3 a5 16. Ra1 Nd7 17. Bxg7 Kxg7 18. e4 Qc7 19. Qc3 Kh7 20. b4 a4 21. f4 f5 22. e5 Rg8 23. Qd3 Rg7 24. Kh1 Rag8 25. Rf2 Qc8 26. Raf1 Nb8 27. Nb1 Qd7 28. Nc3 Rc8 29. Ne2 Rf8 30. Qc2 Rc8 31. Nc3 Ba6 32. Nd1 Rf8 33. Ne3 Kh8 34. Qe2 Qe7 35. Rg1 Rfg8 36. Bf1 Nd7 37. Rfg2 Nf8 38. Qf3 Bc8 39. g4 Qh4 40. Rg3 Rh7 41. gxf5 exf5 42. Bd3 Ne6 43. Ng2 Qe7 44. Qf2 Nf8 45. Ne1 Qh4 46. Qe3 Be6 47. Rh3 Qe7 48. Nf3 Qf7 49. Qf2 Rgg7 50. Rhg3 Qe7 51. R3g2 Qe8 52. Nh4 Qf7 53. Rg3 Rg8 54. Qg2 Rhg7 55. Qh3 Kh7 56. Nf3 Kh8 57. Ng5 Qe7 58. Qxh6+ Nh7 59. Rh3 Bd7 60. Bc2 Bc8 61. Nf3 Be6 62. Rhg3 Qf8 63. Rxg6 Rxg6 64. Rxg6 Rxg6 65. Qxg6 Qe7 66. Bxf5 Bxf5 67. Qxf5 Qg7 68. Qc8+ Nf8 69. Qxc6 Qh7 70. Qf6+ Kg8 71. f5 Qh3 72. Qf7+ 1-0

[Event "Klaipeda-ch sf"]
[Site "Klaipeda"]
[Date "2015.10.18"]
[Round "7"]
[White "Cernavina, Ksenija"]
[Black "Stasius, Vidmantas"]
[Result "1/2-1/2"]
[WhiteElo "1798"]
[BlackElo "1953"]
[PlyCount "120"]
[EventDate "2015.09.13"]
[EventType "swiss"]
[EventRounds "8"]
[EventCountry "LTU"]
[SourceTitle "EXT 2017"]
[Source "ChessBase"]
[SourceDate "2016.10.25"]
[SourceVersion "1"]
[SourceVersionDate "2016.10.25"]
[SourceQuality "1"]

1. d4 d5 2. Nf3 Nf6 3. c4 c6 4. Qc2 g6 5. Bg5 Bg7 6. g3 0-0 7. Bg2 Ne4 8. Bf4 Bf5 9. Qc1 c5 10. Be3 Nc6 11. 0-0 cxd4 12. Bh6 Rc8 13. Bxg7 Kxg7 14. cxd5 Nb4 15. Qd1 Nc2 16. Nxd4 Nxa1 17. Nxf5+ gxf5 18. Na3 Qb6 19. Qxa1 Rfd8 20. b3+ Qf6 21. Qd1 Nc3 22. Qd2 Nxd5 23. Nc4 b5 24. Ne3 Nf4 25. Qe1 Rc1 26. Qb4 Nxe2+ 27. Kh1 Rxf1+ 28. Bxf1 Nd4 29. Bg2 Qe5 30. a4 Rc8 31. h4 h5 32. Nd5 bxa4 33. bxa4 Rc2 34. Kg1 Rb2 35. Qa5 Qe2 36. Nf4 Qxf2+ 37. Kh2 Nf3+ 38. Kh3 Qg1 39. Qc3+ e5 40. Nxh5+ Kg6 41. Qxf3 Qxg2+ 42. Qxg2 Rxg2 43. Nf4+ exf4 44. Kxg2 fxg3 45. Kxg3 Kh5 46. Kf4 Kxh4 47. Kxf5 a5 48. Kf6 Kg4 49. Kxf7 Kf5 50. Kg7 Ke5 51. Kg6 Kd4 52. Kf5 Kc4 53. Ke4 Kb4 54. Kd4 Kxa4 55. Kc4 Ka3 56. Kc3 Ka2 57. Kc2 a4 58. Kc1 Kb3 59. Kb1 a3 60. Ka1 a2 1/2-1/2

[Event "Klaipeda-ch sf"]
[Site "Klaipeda"]
[Date "2015.10.11"]
[Round "6"]
[White "Cernavina, Ksenija"]
[Black "Pakalniskis, Romas"]
[Result "1-0"]
[WhiteElo "1798"]
[BlackElo "1815"]
[PlyCount "91"]
[EventDate "2015.09.13"]
[EventType "swiss"]
[EventRounds "8"]
[EventCountry "LTU"]
[SourceTitle "EXT 2017"]
[Source "ChessBase"]
[SourceDate "2016.10.25"]
[SourceVersion "1"]
[SourceVersionDate "2016.10.25"]
[SourceQuality "1"]

1. d4 Nf6 2. Nf3 d5 3. c4 e6 4. g3 c6 5. Qc2 Bd6 6. Bg2 Nbd7 7. 0-0 0-0 8. Nbd2 Re8 9. e4 dxe4 10. Nxe4 Nxe4 11. Qxe4 Nf6 12. Qc2 c5 13. dxc5 Bxc5 14. Bf4 Qe7 15. Ne5 Nh5 16. Bd2 Bd6 17. Bc3 f6 18. Nd3 e5 19. Qb3 Kh8 20. Rfe1 g6 21. Nb4 Be6 22. Nd5 Qf7 23. Qd1 Ng7 24. Nxf6 Red8 25. Nd5 Rac8 26. b3 b5 27. Qe2 bxc4 28. bxc4 h5 29. h3 Kh7 30. Rac1 Rf8 31. Rc2 Bf5 32. Rd2 Bb8 33. Ne3 Be6 34. Nd5 Nf5 35. Rc2 Rfe8 36. Qd3 Nd4 37. Bxd4 exd4 38. Qxd4 Bxd5 39. Rxe8 Qxe8 40. Bxd5 Qe7 41. Qd3 Bd6 42. Re2 Qf6 43. Re6 Qa1+ 44. Kg2 Be5 45. Qxg6+ Kh8 46. Qxh5+ 1-0

[Event "Klaipeda-ch sf"]
[Site "Klaipeda"]
[Date "2015.10.04"]
[Round "5"]
[White "Pocius, Vaclovas"]
[Black "Cernavina, Ksenija"]
[Result "0-1"]
[WhiteElo "1728"]
[BlackElo "1798"]
[PlyCount "70"]
[EventDate "2015.09.13"]
[EventType "swiss"]
[EventRounds "8"]
[EventCountry "LTU"]
[SourceTitle "EXT 2017"]
[Source "ChessBase"]
[SourceDate "2016.10.25"]
[SourceVersion "1"]
[SourceVersionDate "2016.10.25"]
[SourceQuality "1"]

1. f4 d5 2. b3 Nd7 3. Bb2 Ngf6 4. Nf3 e6 5. e3 Be7 6. Be2 0-0 7. 0-0 c5 8. c4 Nb6 9. Na3 d4 10. Qc2 dxe3 11. dxe3 Bd7 12. Ne5 a6 13. Rad1 Qc7 14. g4 Ne8 15. g5 f6 16. Nf3 fxg5 17. Nxg5 Bxg5 18. fxg5 Rf5 19. Rxf5 exf5 20. Qc3 Bc6 21. Qe5 Qf7 22. Nb1 Nd7 23. Qf4 Nf8 24. Nc3 Ng6 25. Qf2 Nc7 26. Nd5 Kh8 27. Nxc7 Qxc7 28. Qxf5 Qe7 29. e4 Rf8 30. Qg4 Rf4 31. Qg3 Qxe4 32. Rd8+ Nf8 33. Bxg7+ Kxg7 34. Qc3+ Kg8 35. Rxf8+ Rxf8 0-1

[Event "LTU-chT (Women)"]
[Site "Lithuania"]
[Date "2013.03.10"]
[Round "6.3"]
[White "Juciute, Henrieta"]
[Black "Cernavina, Ksenija"]
[Result "1/2-1/2"]
[WhiteElo "1858"]
[BlackElo "1763"]
[PlyCount "66"]
[EventDate "2013.01.19"]
[EventType "team-tourn"]
[EventRounds "7"]
[EventCountry "LTU"]
[SourceTitle "EXT 2024"]
[Source "ChessBase"]
[SourceDate "2023.10.10"]
[SourceVersion "1"]
[SourceVersionDate "2023.10.10"]
[SourceQuality "1"]

1. e4 e6 2. d4 d5 3. exd5 exd5 4. Bd3 Bd6 5. Ne2 Ne7 6. Bf4 Bf5 7. c3 0-0 8. 0-0 c6 9. Bxf5 Nxf5 10. Qd3 Qf6 11. Bxd6 Nxd6 12. Ng3 Nd7 13. Nd2 Rfe8 14. Rfe1 Nf8 15. Nf3 Ng6 16. Qd2 h6 17. Rxe8+ Rxe8 18. Re1 Re6 19. Rxe6 Qxe6 20. Qe2 Qf6 21. Ne5 Qg5 22. h3 Nf4 23. Qc2 Ne4 24. Nf3 Qe7 25. Nxe4 dxe4 26. Ne5 f5 27. Kh2 Qg5 28. g3 Nh5 29. Qb3+ Kh7 30. Qe6 Nxg3 31. Nd7 Nf1+ 32. Kh1 Ng3+ 33. Kh2 Nf1+ 1/2-1/2

[Event "LTU-chT (Women)"]
[Site "Lithuania"]
[Date "2013.02.09"]
[Round "3"]
[White "Cernavina, Ksenija"]
[Black "Urbonaviciute, Zivile"]
[Result "0-1"]
[WhiteElo "1763"]
[BlackElo "1746"]
[PlyCount "124"]
[EventDate "2013.01.19"]
[EventType "team-tourn"]
[EventRounds "7"]
[EventCountry "LTU"]
[SourceTitle "CBM 152 Extra"]
[Source "ChessBase"]
[SourceDate "2013.02.25"]
[SourceVersion "1"]
[SourceVersionDate "2013.02.25"]
[SourceQuality "1"]

1. d4 d5 2. c4 c6 3. Nc3 Nf6 4. Nf3 e6 5. Bg5 Nbd7 6. Qc2 h6 7. Bh4 Be7 8. e3 dxc4 9. Bxc4 b5 10. Bd3 Bb7 11. 0-0 a6 12. Rac1 Rc8 13. Rfd1 Qb6 14. Ne5 c5 15. Nxd7 Nxd7 16. Bxe7 Kxe7 17. Qe2 cxd4 18. exd4 b4 19. Na4 Qxd4 20. Rxc8 Bxc8 21. Qc2 Qe5 22. Qc6 Qa5 23. Be4 Qe5 24. Qc4 Qb5 25. Qc2 Bb7 26. Bxb7 Qxb7 27. Qd2 Rc8 28. Qd6+ Ke8 29. b3 Rc2 30. Nb6 Qxb6 31. Qxd7+ Kf8 32. Rd2 Rc1+ 33. Rd1 Qc7 34. Qd2 Rc3 35. h3 a5 36. Qd4 Rc5 37. Qe4 Rc2 38. Qh4 f6 39. Qe4 Kf7 40. Re1 Qc8 41. Re2 Rc1+ 42. Kh2 Qc7+ 43. g3 Qc6 44. Qxc6 Rxc6 45. Rd2 f5 46. Kg2 Kf6 47. Kf3 Rc3+ 48. Ke2 g5 49. Kf1 f4 50. Kg2 f3+ 51. Kh2 h5 52. g4 h4 53. Kg1 Ke5 54. Rd1 Rc2 55. Re1+ Re2 56. Rd1 Rxa2 57. Rd3 Rc2 58. Rxf3 Rc3 59. Kg2 Rxf3 60. Kxf3 a4 61. bxa4 b3 62. a5 b2 0-1

[Event "Panevezys op-A 24th"]
[Site "Panevezys"]
[Date "2011.08.12"]
[Round "5"]
[White "Cernavina, Ksenija"]
[Black "Sulikiene, Kristina"]
[Result "0-1"]
[WhiteElo "1788"]
[BlackElo "1974"]
[PlyCount "118"]
[EventDate "2011.08.09"]
[EventType "swiss"]
[EventRounds "9"]
[EventCountry "LTU"]
[SourceTitle "CBM 143 Extra"]
[Source "ChessBase"]
[SourceDate "2011.08.29"]
[SourceVersion "1"]
[SourceVersionDate "2011.08.29"]
[SourceQuality "1"]

1. d4 Nf6 2. c4 e6 3. Nf3 Bb4+ 4. Nbd2 0-0 5. g3 c5 6. a3 Bxd2+ 7. Bxd2 cxd4 8. Nxd4 Qb6 9. Bb4 Re8 10. c5 Qc7 11. Bg2 a5 12. Nb5 Qe5 13. Bc3 Qxc5 14. Nd6 Rf8 15. Bxf6 gxf6 16. Rc1 Qb6 17. Nxc8 Qxb2 18. 0-0 d5 19. Rb1 Qxa3 20. Nb6 Ra6 21. Qd4 Qe7 22. e4 Nc6 23. Qd2 d4 24. Rfc1 Rd8 25. Bf1 d3 26. Nc4 b5 27. Ne3 a4 28. Ng4 Nd4 29. Qh6 e5 30. Kg2 Rad6 31. Bxd3 f5 32. Qh5 fxg4 33. Qxg4+ Rg6 34. Qh3 b4 35. Rc8 b3 36. Rbc1 Rgd6 37. R1c7 Qf6 38. Qg4+ Qg6 39. Qh4 Ne6 40. Rxd8+ Rxd8 41. Bc4 Rb8 42. Bxe6 Qxe6 43. Qg5+ Qg6 44. Qxe5 b2 45. Rc6 b1Q 46. Rxg6+ hxg6 47. h4 Qb2 48. Qg5 a3 49. h5 Rb5 50. Qd8+ Kg7 51. h6+ Kxh6 52. Qf8+ Kh7 53. Qxf7+ Qg7 54. Qf4 a2 55. e5 Rxe5 56. Qa4 Qb7+ 57. f3 Qb2+ 58. Kh3 a1Q 59. Qd7+ Kh6 0-1

[Event "Klaipeda Sea op 08th"]
[Site "Klaipeda"]
[Date "2011.07.27"]
[Round "4"]
[White "Cernavina, Ksenija"]
[Black "Ignatovic, Ernest"]
[Result "1-0"]
[WhiteElo "1788"]
[BlackElo "1592"]
[PlyCount "77"]
[EventDate "2011.07.25"]
[EventType "swiss"]
[EventRounds "9"]
[EventCountry "LTU"]
[SourceTitle "EXT 2012"]
[Source "ChessBase"]
[SourceDate "2011.11.24"]
[SourceVersion "1"]
[SourceVersionDate "2011.11.24"]
[SourceQuality "1"]

1. d4 Nf6 2. c4 d6 3. Nf3 g6 4. Nc3 Bf5 5. g3 c6 6. Bg2 Bg7 7. 0-0 0-0 8. Re1 Ne4 9. Nh4 Nxc3 10. bxc3 Be6 11. Qd3 Qa5 12. e4 Nd7 13. Bd2 Qa6 14. d5 Ne5 15. Qe2 Bg4 16. f3 Bd7 17. Bf1 Rfc8 18. Reb1 Rc7 19. Rb4 Rac8 20. Qe3 c5 21. Rb3 Nxc4 22. Qe1 Qa4 23. Rab1 b5 24. Ng2 Qxa2 25. Bxc4 bxc4 26. R3b2 Qa5 27. Ra1 Ba4 28. Rba2 Rb7 29. Rxa4 Qc7 30. Ne3 Rcb8 31. Nxc4 e6 32. Na5 Rb2 33. Nc6 R8b7 34. Rxa7 Bf6 35. Bh6 Bd8 36. Ra8 Rb8 37. Rxb8 Rxb8 38. Nxb8 Qxb8 39. Qb1 1-0

[Event "Klaipeda Sea op 08th"]
[Site "Klaipeda"]
[Date "2011.07.25"]
[Round "1"]
[White "Beliajev, Dmitrij"]
[Black "Cernavina, Ksenija"]
[Result "1-0"]
[WhiteElo "2150"]
[BlackElo "1788"]
[PlyCount "35"]
[EventDate "2011.07.25"]
[EventType "swiss"]
[EventRounds "9"]
[EventCountry "LTU"]
[SourceTitle "EXT 2012"]
[Source "ChessBase"]
[SourceDate "2011.11.24"]
[SourceVersion "1"]
[SourceVersionDate "2011.11.24"]
[SourceQuality "1"]

1. e4 e5 2. Nf3 Nc6 3. Bb5 a6 4. Ba4 b5 5. Bb3 Bc5 6. 0-0 Nf6 7. c3 Bb6 8. d4 exd4 9. e5 Ng8 10. cxd4 d6 11. Bd5 Nge7 12. Bg5 Bb7 13. Re1 dxe5 14. Bxc6+ Bxc6 15. Nxe5 Bd5 16. Bxe7 Qxe7 17. Nxf7 Kxf7 18. Qh5+ 1-0

[Event "Baltija Cup op-A"]
[Site "Palanga"]
[Date "2011.06.23"]
[Round "8"]
[White "Cernavina, Ksenija"]
[Black "Dainauskas, Juozas"]
[Result "0-1"]
[WhiteElo "1752"]
[BlackElo "1952"]
[PlyCount "44"]
[EventDate "2011.06.19"]
[EventType "swiss"]
[EventRounds "8"]
[EventCountry "LTU"]
[SourceTitle "EXT 2012"]
[Source "ChessBase"]
[SourceDate "2011.11.24"]
[SourceVersion "1"]
[SourceVersionDate "2011.11.24"]
[SourceQuality "1"]

1. e4 e6 2. d4 d5 3. e5 c5 4. c3 Qb6 5. Nf3 Bd7 6. a3 Bb5 7. Bd3 Bxd3 8. Qxd3 Qa6 9. Qe3 b6 10. a4 Nc6 11. Ng5 Rc8 12. Qf3 Nh6 13. Be3 cxd4 14. cxd4 Nxd4 15. Bxd4 Rc1+ 16. Kd2 Rxh1 17. Qc3 Qc4 18. Ne4 Nf5 19. Be3 Bb4 20. Nd6+ Nxd6 21. exd6 d4 22. d7+ Kxd7 0-1

[Event "LTU-ch (Women)"]
[Site "Nemencine"]
[Date "2011.04.29"]
[Round "7"]
[White "Saumanaite, Skaiste"]
[Black "Cernavina, Ksenija"]
[Result "0-1"]
[WhiteElo "1686"]
[BlackElo "1749"]
[PlyCount "66"]
[EventDate "2011.04.25"]
[EventType "swiss"]
[EventRounds "9"]
[EventCountry "LTU"]
[SourceTitle "CBM 142 Extra"]
[Source "ChessBase"]
[SourceDate "2011.06.27"]
[SourceVersion "1"]
[SourceVersionDate "2011.06.27"]
[SourceQuality "1"]

1. e4 e6 2. d4 c5 3. Nf3 d5 4. exd5 exd5 5. Nbd2 Nf6 6. Bd3 Nc6 7. dxc5 Bxc5 8. Nb3 Bb6 9. 0-0 0-0 10. c3 Bg4 11. Be2 Re8 12. h3 Bh5 13. Bf4 Qe7 14. Bd3 Rad8 15. a4 a6 16. a5 Ba7 17. Re1 Qd7 18. Be2 Ne4 19. Nfd4 Nxd4 20. Nxd4 Bxe2 21. Rxe2 Nc5 22. Be3 Bb8 23. Qc2 Qc7 24. Nf3 Qd6 25. Rae1 Ne4 26. Qb3 Rd7 27. Bd4 h6 28. Qc2 Rde7 29. Be3 Re6 30. Rd1 Rf6 31. Ree1 Rxf3 32. gxf3 Qh2+ 33. Kf1 Ng3+ 0-1

[Event "Klaipede-ch"]
[Site "Klaipeda"]
[Date "2011.03.27"]
[Round "9"]
[White "Cernavina, Ksenija"]
[Black "Vaitonis, Vytautas"]
[Result "1-0"]
[WhiteElo "1755"]
[BlackElo "2029"]
[PlyCount "76"]
[EventDate "2011.01.04"]
[EventType "tourn"]
[EventRounds "11"]
[EventCountry "LTU"]
[SourceTitle "EXT 2013"]
[Source "ChessBase"]
[SourceDate "2012.11.22"]
[SourceVersion "1"]
[SourceVersionDate "2012.11.22"]
[SourceQuality "1"]

1. d4 d5 2. c4 c6 3. Nc3 Nf6 4. Bg5 e6 5. Nf3 h6 6. Bh4 g5 7. Bg3 dxc4 8. e4 b5 9. a3 Bb7 10. e5 Nd5 11. Ne4 Nd7 12. Be2 Qa5+ 13. Nfd2 Qb6 14. Nf3 c5 15. dxc5 Nxc5 16. Nd6+ Bxd6 17. exd6 Ne4 18. d7+ Kxd7 19. Ne5+ Ke7 20. Bh5 Nxg3 21. hxg3 Rad8 22. Qe2 Nf6 23. 0-0 Rhf8 24. Rad1 Rd4 25. Rxd4 Qxd4 26. Bf3 Bxf3 27. Nxf3 Qc5 28. Rd1 Rd8 29. Rxd8 Kxd8 30. Qd2+ Ke7 31. Qe2 Kf8 32. Qd2 Ne4 33. Qc2 f5 34. g4 a6 35. gxf5 Qxf5 36. Qd1 Qd5 37. Qe1 Kf7 38. Qa5 Qc6 1-0